| 000 | 00417nam a22001697a 4500 | ||
|---|---|---|---|
| 005 | 20250328113150.0 | ||
| 008 | 250328b |||||||| |||| 00| 0 eng d | ||
| 020 | _a9789361389467 | ||
| 041 | _aeng | ||
| 082 | _a330 CLA | ||
| 100 | _aClark, Bates John | ||
| 245 | _aEssentials Of Economic Theory | ||
| 260 |
_aNew Dehli _bLector House _c2025 |
||
| 300 | _a316;. pages: 24 cm | ||
| 650 | _aEconomics | ||
| 942 | _cBK | ||
| 999 |
_c43460 _d43460 |
||